Controlling /
Saved in:
| Main Authors: | , |
|---|---|
| Format: | Book |
| Language: | Czech |
| Published: |
Praha :
BaBtext,
1992
|
| Edition: | 2.vyd. |
| Tags: |
No Tags, Be the first to tag this record!
|
MARC
| LEADER | 00000nam a22000003a 4500 | ||
|---|---|---|---|
| 001 | stu5099 | ||
| 005 | 20150617225810.9 | ||
| 008 | 940119s1992----xr------------------cze-d | ||
| 020 | |a 80-900178-8-6 | ||
| 040 | |a STU |b slo | ||
| 041 | 0 | |a cze | |
| 044 | |a xr | ||
| 080 | |a 658.14/.17 | ||
| 100 | 1 | |a Hofmeister, Roman |4 aut | |
| 245 | 1 | |a Controlling / |c [aut.] Hofmeister,Roman; Stiegler,Harald | |
| 250 | |a 2.vyd. | ||
| 260 | |a Praha : |b BaBtext, |c 1992 | ||
| 300 | |a 160 s | ||
| 700 | 1 | |a Stiegler, Harald |4 aut | |
| 996 | |b E78678 |c R*78678 |l RRUM |s A |a 24 |w stu5099_0001 | ||